American Diplomacy
Na minha lista:
| Autor principal: | |
|---|---|
| Formato: | Livro |
| Idioma: | inglês |
| Publicado em: |
Chicago
The University of Chicago Press
1984
|
| Edição: | expanded ed. |
| Assuntos: | |
| Tags: |
Sem tags, seja o primeiro a adicionar uma tag!
|
MARC
| LEADER | 00000nam a2200000 4500 | ||
|---|---|---|---|
| 001 | c019332 | ||
| 005 | 20221221074448.4 | ||
| 020 | |a 0-226-43146-0 | ||
| 041 | 0 | |a eng | |
| 044 | |a US | ||
| 245 | 1 | 0 | |a American Diplomacy |c George F. Kennan |
| 250 | |a expanded ed. | ||
| 264 | 1 | |a Chicago |b The University of Chicago Press |c 1984 | |
| 300 | |a 179 s. | ||
| 610 | 2 | 0 | |a demokracia |
| 610 | 2 | 0 | |a politika |
| 610 | 2 | 0 | |a politika medzinárodná |
| 610 | 2 | 0 | |a vzťahy politické medzinárodné |
| 610 | 2 | 0 | |a politika svetová |
| 610 | 2 | 0 | |a politika zahraničná |
| 610 | 2 | 0 | |a USA |
| 610 | 2 | 0 | |a ZSSR |
| 100 | 1 | |a Kennan, George F. | |